Price policy and economic growth (Record no. 375376)

000 -LEADER
fixed length control field 00441cam a22001217a 4500
008 - FIXED-LENGTH DATA ELEMENTS--GENERAL INFORMATION
fixed length control field 180718b1965 xxu||||| |||| 00| 0 eng d
082 ## - DEWEY DECIMAL CLASSIFICATION NUMBER
Classification number T123x54 N213p
245 ## - TITLE STATEMENT
Title Price policy and economic growth
Statement of responsibility, etc. by National Council of Applied Economic Research, India
260 ## - PUBLICATION, DISTRIBUTION, ETC.
Place of publication, distribution, etc. Delhi
Name of publisher, distributor, etc. National Council of Applied Economic Research
Date of publication, distribution, etc. 1965
300 ## - PHYSICAL DESCRIPTION
Extent 55p.
650 ## - SUBJECT ADDED ENTRY--TOPICAL TERM
Topical term or geographic name entry element Prices - India
700 ## - ADDED ENTRY--PERSONAL NAME
Personal name India. National Council of Applied Economic Research
Holdings
Withdrawn status Lost status Damaged status Not for loan Permanent Location Current Location Date acquired Full call number Barcode Date last seen Price effective from Koha item type
        Indian Institute of Public Administration Indian Institute of Public Administration 1994-07-21 T123x54 N213p 37214 2018-07-21 2018-07-21 Book

Powered by Koha